<?xml version="1.0" encoding="UTF-8"?><?xml-stylesheet type="text/xsl" href="static/style.xsl"?><OAI-PMH xmlns="http://www.openarchives.org/OAI/2.0/" xmlns:xsi="http://www.w3.org/2001/XMLSchema-instance" xsi:schemaLocation="http://www.openarchives.org/OAI/2.0/ http://www.openarchives.org/OAI/2.0/OAI-PMH.xsd"><responseDate>2026-04-28T19:30:26Z</responseDate><request verb="GetRecord" identifier="oai:uvadoc.uva.es:10324/6708" metadataPrefix="marc">https://uvadoc.uva.es/oai/request</request><GetRecord><record><header><identifier>oai:uvadoc.uva.es:10324/6708</identifier><datestamp>2021-06-18T09:36:31Z</datestamp><setSpec>com_10324_38</setSpec><setSpec>col_10324_787</setSpec></header><metadata><record xmlns="http://www.loc.gov/MARC21/slim" xmlns:doc="http://www.lyncode.com/xoai" xmlns:xsi="http://www.w3.org/2001/XMLSchema-instance" xmlns:dcterms="http://purl.org/dc/terms/" xsi:schemaLocation="http://www.loc.gov/MARC21/slim http://www.loc.gov/standards/marcxml/schema/MARC21slim.xsd">
<leader>00925njm 22002777a 4500</leader>
<datafield tag="042" ind1=" " ind2=" ">
<subfield code="a">dc</subfield>
</datafield>
<datafield tag="720" ind1=" " ind2=" ">
<subfield code="a">Tejedor Rodríguez, Alba</subfield>
<subfield code="e">author</subfield>
</datafield>
<datafield tag="260" ind1=" " ind2=" ">
<subfield code="c">2014</subfield>
</datafield>
<datafield tag="520" ind1=" " ind2=" ">
<subfield code="a">Diseño de intervención de un Plan de Acogida del nuevo alumnado que se incorpora a 1º de Educación Secundaria Obligatoria en el Colegio Ntra. Sra. de Lourdes (Valladolid). Este plan recoge unas actividades de acogida a desarrollar desde el Centro para garantizar una educación inclusiva que se adapte a las necesidades educativas de todo el alumnado.&#xd;
Con este Trabajo Fin de Máster se plantean actividades para facilitar la transición y la acogida del alumnado que abandona la Ed. Primaria para comenzar la Ed. Secundaria Obligatoria, especialmente de aquellos alumnos/as que se incorporan nuevos al Colegio Ntra. Sra. de Lourdes.  &#xd;
La finalidad de este trabajo es desarrollar un Plan de Acogida para lograr la inclusión de todo el alumnado a través de la participación y el compromiso de todos los miembros que intervienen en la labor educativa del Centro para comenzar esta nueva etapa en un clima de aceptación, cohesión e integración.</subfield>
</datafield>
<datafield tag="024" ind2=" " ind1="8">
<subfield code="a">http://uvadoc.uva.es/handle/10324/6708</subfield>
</datafield>
<datafield ind1=" " ind2=" " tag="653">
<subfield code="a">Integración escolar</subfield>
</datafield>
<datafield tag="245" ind1="0" ind2="0">
<subfield code="a">Plan de acogida del nuevo alumnado que se incorpora a 1º de Educación Secundaria Obligatoria en el colegio Ntra. Sra. de Lourdes (Valladolid)</subfield>
</datafield>
</record></metadata></record></GetRecord></OAI-PMH>